00584 a2200121 450000500170000010000270001724501980004425000080024226000540025094200070030499900190031195201320033020260327144254.0 aNandgaonkar S.9217332 aआधुनिक महाराष्ट्राची जडणघडण शिल्पकार चरित्रकोश खंड ७: चित्रपट आणि संगीत a1st bSaptahik Vivek Hindusthan Prakashan Samsthac2014 cAR c370793d370793 00102ddc4070aCCEPbCCEPd2026-02-28e223g375.00l0o730.92 NANpCCEP-BK-70468r2026-02-28 00:00:00v375.00w2026-02-28yBK